000
00320nam a22001337a 4500
008
181220b xxu||||| |||| 00| 0 eng d
020
_a
9780256137279
041
_a
eng
080
_2
4th
_a
339.138
100
_a
60
101
_a
MAR
245
_a
Marketing Management Knowledge and Skills
_c
Peter,J.P
942
_2
udc
_c
BK
999
_c
53562
_d
53562